| 000 | 00636nam a22002057a 4500 | ||
|---|---|---|---|
| 999 |
_c16666 _d16666 |
||
| 003 | AR-CdUCM | ||
| 008 | 190313b ||||| |||| 00| 0 spa d | ||
| 040 |
_aMUNICIPALIDAD PROVINCIAL DEL CUSCO _cBIBLIOTECA MUNICIPAL DEL CUSCO |
||
| 082 |
_a869.50 / _bAY93 |
||
| 100 |
_aAyala, José Luis _95471 |
||
| 245 |
_aJake Aru : _bAymara español / |
||
| 260 |
_aLima : _bBilingüe, _c1980. |
||
| 300 |
_a142 páginas ; _c15 cm. |
||
| 505 | _aContenido : Parlañani / en alta voz -- Aymaran kellkata ... | ||
| 650 |
_aLengua _92065 |
||
| 650 |
_aAymara _97964 |
||
| 650 |
_aEspañol _97869 |
||
| 942 |
_2ddc _cLIBROS |
||
| 945 |
_arah _d04/05/2019 |
||